000 01034nam1a2200277 i 4500
001 RU\NLR\bibl\386061
005 20240919233321.0
035 _a(NLR Aleph) 000380426
090 _a452083
_c452083
100 _a20030407g199 9999u y0rusy50 ca
101 0 _arus
102 _aRU
105 _a||||g |||||
200 1 _aБизнес-карта 2000. Промышленность. [Регион]
_eРоссия
_eДеловые справ.
210 _aМ.
_cБизнес-Карта
_d2000
215 _d20
300 _aОписано по обл.
300 _aНа тит.л. только часть общ. загл. и част. загл. тома
463 0 _1001361543
606 0 _aПромышленность
_jБизнес-карты
_yРоссийская Федерация
_92095506
_3RU\NLR\auth\661267907
686 _aУ30(2)я2
801 0 _aRU
_bNLR
_c20030407
_gPSBO
801 1 _aRU
_bNLR
_c20030407
852 _aNLR
_j2003-3/4192
942 _cBOOK